[Event "Gibraltar Chess Festival 2017 - Masters"]
[Site "Gibraltar ENG"]
[Date "2017.01.29"]
[Round "6.38"]
[White "Garriga Cazorla, Pere"]
[Black "Mastrovasilis, Athanasios"]
[Result "1-0"]
[WhiteElo "2386"]
[BlackElo "2551"]
[PlyCount "119"]
[EventDate "2017.01.24"]
[EventType "swiss"]
[EventRounds "10"]
[EventCountry "ENG"]
[SourceTitle "Ajedrez en Madrid"]
[Source "lmi"]
[SourceDate "2017.01.24"]

1. d4 Nf6 2. c4 e6 3. Nc3 d5 4. cxd5 exd5 5. Bg5 c6 6. e3 Be7 7. Bd3 Nbd7 8.
Qc2 O-O 9. Nf3 Re8 10. h3 Ne4 11. Bf4 Ndf6 12. O-O Bd6 13. Ne5 g6 14. Bh2 Qc7
15. f3 Nxc3 16. bxc3 c5 17. Qf2 c4 18. Bc2 Nd7 19. f4 f5 20. g4 Nf6 21. gxf5
Bxf5 22. Bxf5 gxf5 23. Kh1 Ne4 24. Qh4 Kh8 25. Qh5 Bxe5 26. fxe5 Qg7 27. Rxf5
Rg8 28. Qf3 Raf8 29. Rxf8 Rxf8 30. Bf4 Ng5 31. Qg2 Ne4 32. Qh2 Qg6 33. e6 Qxe6
34. Qg2 Rg8 35. Be5+ Qxe5 36. dxe5 Rxg2 37. Kxg2 Kg7 38. Rd1 Nxc3 39. Rf1 Ne4
40. e6 Nd6 41. e7 c3 42. Rc1 Kf7 43. Rxc3 Nc4 44. e4 Kxe7 45. exd5 b5 46. a4 a6
47. axb5 axb5 48. Rb3 Kd6 49. Rxb5 Ne3+ 50. Kf3 Nxd5 51. Kg4 Ke6 52. Kg5 Ne7
53. h4 Ng6 54. Rb7 Ne5 55. Rxh7 Nf7+ 56. Kg6 Ne5+ 57. Kg7 Kf5 58. Rh5+ Kf4 59.
Rxe5 Kxe5 60. h5 1-0

[Event "Gibraltar Chess Festival 2017 - Masters"]
[Site "Gibraltar ENG"]
[Date "2017.01.29"]
[Round "6.39"]
[White "Mihajlov, Sebastian"]
[Black "Del Rio De Angelis, Salvador G"]
[Result "1/2-1/2"]
[WhiteElo "2384"]
[BlackElo "2527"]
[PlyCount "80"]
[EventDate "2017.01.24"]
[EventType "swiss"]
[EventRounds "10"]
[EventCountry "ENG"]
[SourceTitle "Ajedrez en Madrid"]
[Source "lmi"]
[SourceDate "2017.01.24"]

1. d4 e6 2. c4 f5 3. Nc3 Nf6 4. e3 d5 5. Bd3 c6 6. Nge2 Bd6 7. f3 O-O 8. O-O
Kh8 9. g3 dxc4 10. Bxc4 e5 11. dxe5 Bxe5 12. Qxd8 Rxd8 13. a4 a5 14. b3 Na6 15.
Ba3 Nb4 16. Rad1 Re8 17. Bf7 Rf8 18. Bc4 Bd7 19. Nd4 Rfe8 20. Kf2 g6 21. h3
Rad8 22. Bb2 Bc8 23. f4 Bxd4 24. Rxd4 Rxd4 25. exd4 Be6 26. d5 cxd5 27. Nxd5
Nbxd5 28. Bxd5 Bxd5 29. Bxf6+ Kg8 30. Rd1 Bxb3 31. Rb1 Bxa4 32. Rxb7 Re6 33.
Be5 Ra6 34. Rg7+ Kf8 35. Rxh7 Bb3 36. Rd7 Rc6 37. g4 fxg4 38. hxg4 Be6 39. Ra7
Bxg4 40. Rxa5 Bf5 1/2-1/2

[Event "Gibraltar Chess Festival 2017 - Masters"]
[Site "Gibraltar ENG"]
[Date "2017.01.29"]
[Round "6.40"]
[White "Gunina, Valentina"]
[Black "Ladron De Guevara Pinto, Paolo"]
[Result "1-0"]
[WhiteElo "2524"]
[BlackElo "2386"]
[PlyCount "67"]
[EventDate "2017.01.24"]
[EventType "swiss"]
[EventRounds "10"]
[EventCountry "ENG"]
[SourceTitle "Ajedrez en Madrid"]
[Source "lmi"]
[SourceDate "2017.01.24"]

1. d4 Nf6 2. c4 g6 3. Nc3 Bg7 4. e4 d6 5. Nf3 O-O 6. Be2 e5 7. O-O Nc6 8. d5
Ne7 9. Ne1 Nd7 10. f3 f5 11. Bg5 f4 12. Bh4 h5 13. Nd3 Bh6 14. Bf2 g5 15. c5 a6
16. b4 Rf7 17. b5 axb5 18. Nxb5 Nf6 19. Qb3 g4 20. Nxe5 dxe5 21. d6 Nc6 22. Bc4
Qf8 23. dxc7 Kg7 24. Bxf7 Qxf7 25. Nd6 Qxc7 26. Bh4 Qe7 27. Rad1 Nd4 28. Rxd4
exd4 29. e5 Qe6 30. Bxf6+ Kf8 31. Qd3 Qg8 32. Nxc8 Rxc8 33. Qf5 Rc6 34. Qxh5
1-0

[Event "Gibraltar Chess Festival 2017 - Masters"]
[Site "Gibraltar ENG"]
[Date "2017.01.29"]
[Round "6.41"]
[White "Henderson De La Fuente, Lance"]
[Black "Lemos, Damian"]
[Result "1/2-1/2"]
[WhiteElo "2380"]
[BlackElo "2516"]
[PlyCount "59"]
[EventDate "2017.01.24"]
[EventType "swiss"]
[EventRounds "10"]
[EventCountry "ENG"]
[SourceTitle "Ajedrez en Madrid"]
[Source "lmi"]
[SourceDate "2017.01.24"]

1. e4 e5 2. Nf3 Nc6 3. Nc3 Nf6 4. d4 exd4 5. Nxd4 Bb4 6. Nxc6 bxc6 7. Bd3 d5 8.
exd5 cxd5 9. O-O O-O 10. h3 c6 11. Qf3 Re8 12. Bf4 Bd6 13. Rfe1 Bxf4 14. Qxf4
Be6 15. b4 Qb8 16. Qh4 h6 17. Na4 a5 18. a3 axb4 19. axb4 Nd7 20. Qd4 Ra7 21.
Nc5 Rxa1 22. Rxa1 Nxc5 23. Qxc5 Qe5 24. c3 Bd7 25. Ra7 Qe1+ 26. Kh2 Qe5+ 27.
Kg1 Qe1+ 28. Kh2 Qe5+ 29. Kg1 Qe1+ 30. Kh2 1/2-1/2

[Event "Gibraltar Chess Festival 2017 - Masters"]
[Site "Gibraltar ENG"]
[Date "2017.01.29"]
[Round "6.42"]
[White "Kozak, Adam"]
[Black "Narciso Dublan, Marc"]
[Result "1/2-1/2"]
[WhiteElo "2376"]
[BlackElo "2508"]
[PlyCount "115"]
[EventDate "2017.01.24"]
[EventType "swiss"]
[EventRounds "10"]
[EventCountry "ENG"]
[SourceTitle "Ajedrez en Madrid"]
[Source "lmi"]
[SourceDate "2017.01.24"]

1. d4 d6 2. Nf3 Bg4 3. c4 Bxf3 4. exf3 g6 5. Nc3 Bg7 6. Be3 e6 7. Qb3 Ne7 8.
O-O-O O-O 9. Be2 Nbc6 10. g4 d5 11. cxd5 Nxd5 12. Nxd5 Qxd5 13. Qxd5 exd5 14.
Kb1 f5 15. Bb5 Nd8 16. gxf5 Rxf5 17. h4 Rxf3 18. h5 Ne6 19. hxg6 hxg6 20. Rhg1
Kf7 21. Bd3 Rf6 22. Rg4 Rh8 23. Rdg1 Nf8 24. Bf4 c6 25. Be5 Rxf2 26. Bxg6+ Nxg6
27. Bxg7 Kxg7 28. Rxg6+ Kf8 29. R6g3 Rf4 30. Ra3 a6 31. Rb3 Rh7 32. Rd1 Ke8 33.
Rd2 Kd8 34. Kc2 Kc7 35. Re3 b5 36. Kc3 a5 37. a3 Kb6 38. Rg3 Rh1 39. Kc2 Rff1
40. Kd3 b4 41. axb4 axb4 42. Kc2 Kb5 43. Kb3 Rh4 44. Rgd3 Rff4 45. Ka2 Kc4 46.
b3+ Kb5 47. Kb2 Rfg4 48. Kc2 Rg1 49. Rf3 Ra1 50. Kb2 Rhh1 51. Rf8 Rhb1+ 52. Kc2
Rc1+ 53. Kb2 Rcb1+ 54. Kc2 Ra2+ 55. Kxb1 Rxd2 56. Rb8+ Ka5 57. Ra8+ Kb6 58.
Rb8+ 1/2-1/2

[Event "Gibraltar Chess Festival 2017 - Masters"]
[Site "Gibraltar ENG"]
[Date "2017.01.29"]
[Round "6.43"]
[White "Mikhalevski, Victor"]
[Black "Herman, Matthew J"]
[Result "1-0"]
[WhiteElo "2504"]
[BlackElo "2383"]
[PlyCount "85"]
[EventDate "2017.01.24"]
[EventType "swiss"]
[EventRounds "10"]
[EventCountry "ENG"]
[SourceTitle "Ajedrez en Madrid"]
[Source "lmi"]
[SourceDate "2017.01.24"]

1. Nf3 d6 2. d4 f5 3. b3 Nf6 4. Bb2 g6 5. e3 Bg7 6. Be2 O-O 7. O-O Kh8 8. c4 c6
9. Nbd2 Na6 10. Qc2 Bd7 11. a3 Nc7 12. Rfe1 Ne6 13. Rac1 Rf7 14. b4 Kg8 15. Bd3
b5 16. Qb3 a6 17. Bb1 Bh6 18. Qc3 bxc4 19. Nxc4 Nd5 20. Qb3 Rb8 21. Ba2 Rb5 22.
Na5 Qa8 23. Qc2 Nd8 24. Bc4 e6 25. Bxb5 cxb5 26. h4 Bf8 27. Ng5 Rg7 28. e4 fxe4
29. Qxe4 Be7 30. Rc3 Qb8 31. Rg3 Qb6 32. Qf3 Bxg5 33. Rxg5 Rf7 34. Qg3 Nf4 35.
h5 Nb7 36. Nxb7 Qxb7 37. Bc1 h6 38. hxg6 Rf8 39. Rg4 e5 40. Rh4 Rf5 41. Bxf4
exf4 42. Rxf4 Rg5 43. Qb3+ 1-0

[Event "Gibraltar Chess Festival 2017 - Masters"]
[Site "Gibraltar ENG"]
[Date "2017.01.29"]
[Round "6.46"]
[White "Santos Ruiz, Miguel"]
[Black "Omar, Noaman"]
[Result "1/2-1/2"]
[WhiteElo "2484"]
[BlackElo "2369"]
[PlyCount "61"]
[EventDate "2017.01.24"]
[EventType "swiss"]
[EventRounds "10"]
[EventCountry "ENG"]
[SourceTitle "Ajedrez en Madrid"]
[Source "lmi"]
[SourceDate "2017.01.24"]

1. e4 e6 2. d4 d5 3. Nc3 Bb4 4. e5 c5 5. a3 Ba5 6. b4 cxd4 7. Nb5 Bc7 8. f4 Nc6
9. Bd3 a6 10. Nxc7+ Qxc7 11. Nf3 Nge7 12. Bb2 Bd7 13. O-O h6 14. Qd2 O-O 15.
Kh1 Nf5 16. Rf2 f6 17. Bxf5 fxe5 18. Bxe6+ Bxe6 19. Nxe5 Nxe5 20. fxe5 Rxf2 21.
Qxf2 Rf8 22. Qd2 Bf5 23. Rf1 Qxc2 24. Qxc2 Bxc2 25. Rxf8+ Kxf8 26. Bxd4 Ke7 27.
Kg1 Ke6 28. Kf2 g6 29. Ke3 h5 30. Kf4 Be4 31. g3 1/2-1/2

[Event "Gibraltar Chess Festival 2017 - Masters"]
[Site "Gibraltar ENG"]
[Date "2017.01.29"]
[Round "6.47"]
[White "Kulkarni, Rakesh"]
[Black "Kobo, Ori"]
[Result "1/2-1/2"]
[WhiteElo "2344"]
[BlackElo "2482"]
[PlyCount "135"]
[EventDate "2017.01.24"]
[EventType "swiss"]
[EventRounds "10"]
[EventCountry "ENG"]
[SourceTitle "Ajedrez en Madrid"]
[Source "lmi"]
[SourceDate "2017.01.24"]

1. e4 e6 2. d4 d5 3. Bd3 dxe4 4. Bxe4 Nf6 5. Bf3 c5 6. Ne2 Nc6 7. Be3 cxd4 8.
Nxd4 Ne5 9. Nc3 Be7 10. Qe2 O-O 11. O-O-O Bd7 12. g4 Nxf3 13. Qxf3 Qa5 14. g5
Nd5 15. Nf5 Nxc3 16. Nxe7+ Kh8 17. Rxd7 Nxa2+ 18. Kd1 Rad8 19. Rd2 Qb4 20. Qf4
Qxe7 21. c3 b5 22. Ke2 Rxd2+ 23. Bxd2 e5 24. Qe4 Qe6 25. Ra1 Rd8 26. Be3 a5 27.
Rd1 Re8 28. Qd5 b4 29. Qxe6 fxe6 30. Ra1 b3 31. Bc5 Rc8 32. Rd1 Kg8 33. Ba3 Kf7
34. Rd6 Rc4 35. Ra6 a4 36. Kd3 Rf4 37. Bc5 Rh4 38. Be3 h6 39. gxh6 gxh6 40. Rb6
Rxh2 41. Rb7+ Kf6 42. Ra7 Rh1 43. Rxa4 Rb1 44. Rh4 Rxb2 45. Rxh6+ Kf5 46. Rh5+
Kf6 47. Rh6+ Ke7 48. Rh7+ Kd6 49. Rb7 Rb1 50. Kc4 Nc1 51. Bxc1 Rxc1 52. Rxb3
Rc2 53. Kd3 Rxf2 54. Rb5 Rf3+ 55. Ke4 Rxc3 56. Rb6+ Kd7 57. Kxe5 Rc5+ 58. Ke4
Ke7 59. Kd4 Ra5 60. Ke3 Kf6 61. Rb3 Kf5 62. Ke2 Ra4 63. Kf2 e5 64. Ke2 Ra2+ 65.
Ke1 Kf4 66. Rc3 e4 67. Rb3 e3 68. Rb8 1/2-1/2

[Event "Gibraltar Chess Festival 2017 - Masters"]
[Site "Gibraltar ENG"]
[Date "2017.01.29"]
[Round "6.48"]
[White "Tate, Alan"]
[Black "Esserman, Marc"]
[Result "1/2-1/2"]
[WhiteElo "2309"]
[BlackElo "2468"]
[PlyCount "23"]
[EventDate "2017.01.24"]
[EventType "swiss"]
[EventRounds "10"]
[EventCountry "ENG"]
[SourceTitle "Ajedrez en Madrid"]
[Source "lmi"]
[SourceDate "2017.01.24"]

1. e4 c6 2. d4 d5 3. e5 c5 4. dxc5 Nc6 5. Nf3 Bg4 6. c3 e6 7. b4 a6 8. Nbd2
Nxe5 9. Qa4+ Nd7 10. Ne5 Ngf6 11. Nxg4 Nxg4 12. Be2 1/2-1/2

[Event "Gibraltar Chess Festival 2017 - Masters"]
[Site "Gibraltar ENG"]
[Date "2017.01.29"]
[Round "6.49"]
[White "Paehtz, Elisabeth"]
[Black "Sahl, Bjarke"]
[Result "1-0"]
[WhiteElo "2468"]
[BlackElo "2363"]
[PlyCount "67"]
[EventDate "2017.01.24"]
[EventType "swiss"]
[EventRounds "10"]
[EventCountry "ENG"]
[SourceTitle "Ajedrez en Madrid"]
[Source "lmi"]
[SourceDate "2017.01.24"]

1. d4 Nf6 2. c4 e6 3. Nc3 Bb4 4. Qc2 O-O 5. e4 Bxc3+ 6. bxc3 d6 7. Bd3 e5 8.
Ne2 c5 9. d5 Nh5 10. h3 Qf6 11. g3 Kh8 12. Be3 Nd7 13. Qd2 Qe7 14. g4 Nhf6 15.
Ng3 Ne8 16. Nf5 Qd8 17. Bg5 f6 18. Be3 Nb6 19. Ng3 Kg8 20. Qe2 Kf7 21. h4 Ke7
22. g5 Kd7 23. Qh5 Rh8 24. gxf6 g6 25. Qh6 Qxf6 26. h5 gxh5 27. Qxh5 Kc7 28.
Qe2 Nd7 29. Rh6 Qf7 30. Qh5 Qxh5 31. Nxh5 Nf8 32. f4 exf4 33. Nxf4 Nd7 34. Ne6+
1-0

[Event "Gibraltar Chess Festival 2017 - Masters"]
[Site "Gibraltar ENG"]
[Date "2017.01.29"]
[Round "6.51"]
[White "Ider, Borya"]
[Black "Damia, Angelo"]
[Result "1-0"]
[WhiteElo "2463"]
[BlackElo "2233"]
[PlyCount "59"]
[EventDate "2017.01.24"]
[EventType "swiss"]
[EventRounds "10"]
[EventCountry "ENG"]
[SourceTitle "Ajedrez en Madrid"]
[Source "lmi"]
[SourceDate "2017.01.24"]

1. d4 Nf6 2. Nf3 e6 3. g3 b5 4. Bg2 d5 5. a4 b4 6. c4 dxc4 7. Ne5 Nd5 8. O-O a5
9. e4 Nf6 10. d5 exd5 11. exd5 Bd6 12. Nxc4 O-O 13. Nbd2 Ba6 14. Qc2 Nbd7 15.
Rd1 Nc5 16. Nb3 Nxb3 17. Qxb3 Qe8 18. Bg5 Ne4 19. Re1 Nc5 20. Qf3 Bxc4 21. Rxe8
Rfxe8 22. Bf1 Bxf1 23. Kxf1 Ne4 24. Be3 Bc5 25. Rc1 Bxe3 26. Qxe3 Rad8 27. Rxc7
g6 28. Qd3 Ra8 29. Qd4 Red8 30. Ra7 1-0

[Event "Gibraltar Chess Festival 2017 - Masters"]
[Site "Gibraltar ENG"]
[Date "2017.01.29"]
[Round "6.52"]
[White "Tscharotschkin, Michael"]
[Black "Kantans, Toms"]
[Result "1/2-1/2"]
[WhiteElo "2190"]
[BlackElo "2456"]
[PlyCount "61"]
[EventDate "2017.01.24"]
[EventType "swiss"]
[EventRounds "10"]
[EventCountry "ENG"]
[SourceTitle "Ajedrez en Madrid"]
[Source "lmi"]
[SourceDate "2017.01.24"]

1. e4 d5 2. exd5 Qxd5 3. Nf3 g6 4. Be2 Bg7 5. O-O Nc6 6. c3 e5 7. d4 Nge7 8.
Nxe5 Nxe5 9. dxe5 Qxd1 10. Bxd1 Bxe5 11. Re1 Bd6 12. Nd2 Be6 13. Ba4+ Nc6 14.
Ne4 Be7 15. Bg5 Rb8 16. Rad1 b5 17. Bb3 Rd8 18. Rxd8+ Nxd8 19. Kf1 Bxg5 20.
Nxg5 Ke7 21. Bxe6 Nxe6 22. Nxe6 fxe6 23. Re4 Rd8 24. Ke2 Rd5 25. f4 a6 26. a4
c5 27. axb5 axb5 28. c4 bxc4 29. Rxc4 Kd6 30. b4 cxb4 31. Rxb4 1/2-1/2

[Event "Gibraltar Chess Festival 2017 - Masters"]
[Site "Gibraltar ENG"]
[Date "2017.01.29"]
[Round "6.53"]
[White "Gledura, Benjamin"]
[Black "Veltkamp, Gerben"]
[Result "1-0"]
[WhiteElo "2589"]
[BlackElo "2166"]
[PlyCount "47"]
[EventDate "2017.01.24"]
[EventType "swiss"]
[EventRounds "10"]
[EventCountry "ENG"]
[SourceTitle "Ajedrez en Madrid"]
[Source "lmi"]
[SourceDate "2017.01.24"]

1. e4 e5 2. Nf3 Nc6 3. Nc3 Nf6 4. d4 exd4 5. Nxd4 Bb4 6. Nxc6 bxc6 7. Bd3 d5 8.
exd5 O-O 9. O-O cxd5 10. h3 h6 11. Qf3 c6 12. Ne2 Re8 13. Nd4 Bd7 14. Rd1 Ne4
15. Be3 Qe7 16. c4 c5 17. Nc2 Bc6 18. Bxe4 dxe4 19. Qg3 Qf6 20. Nxb4 cxb4 21.
Rd6 Re6 22. Rad1 a5 23. Rxe6 fxe6 24. Qc7 1-0

[Event "Gibraltar Chess Festival 2017 - Masters"]
[Site "Gibraltar ENG"]
[Date "2017.01.29"]
[Round "6.54"]
[White "Welling, Gerard"]
[Black "Muzychuk, Mariya"]
[Result "0-1"]
[WhiteElo "2314"]
[BlackElo "2546"]
[PlyCount "106"]
[EventDate "2017.01.24"]
[EventType "swiss"]
[EventRounds "10"]
[EventCountry "ENG"]
[SourceTitle "Ajedrez en Madrid"]
[Source "lmi"]
[SourceDate "2017.01.24"]

1. d4 e6 2. Nf3 f5 3. Bg5 Be7 4. Bxe7 Qxe7 5. Nbd2 Nf6 6. e3 d6 7. c3 e5 8. Bc4
e4 9. Ng1 d5 10. Bb3 Be6 11. Ne2 c6 12. h4 Na6 13. a3 Nc7 14. c4 O-O-O 15. cxd5
Ncxd5 16. g3 h6 17. Qc2 g5 18. Qc5 Qxc5 19. dxc5 Nd7 20. Rc1 Ne5 21. Bc2 Ne7
22. Nd4 Bd5 23. Ke2 Nd3 24. Bxd3 exd3+ 25. Kxd3 Bxh1 26. Rxh1 f4 27. hxg5 fxg3
28. fxg3 hxg5 29. Rxh8 Rxh8 30. Ne4 g4 31. Nf6 Rh6 32. Nxg4 Rg6 33. Nf2 Rxg3
34. Ne4 Rh3 35. Nc3 Rh5 36. b4 Nd5 37. Nxd5 Rxd5 38. Kc4 Re5 39. Nc2 Re4+ 40.
Kd3 Rh4 41. Nd4 Rh1 42. Kc3 Kd7 43. Kd3 Ra1 44. Nc2 Rd1+ 45. Kc4 Ke6 46. Nd4+
Ke5 47. Nc2 Ke4 48. Kc3 Rf1 49. Kc4 Rf2 50. Kc3 Re2 51. a4 a6 52. b5 Rxc2+ 53.
Kxc2 Kxe3 0-1

[Event "Gibraltar Chess Festival 2017 - Masters"]
[Site "Gibraltar ENG"]
[Date "2017.01.29"]
[Round "6.55"]
[White "Webb, Laurence E"]
[Black "Liang, Awonder"]
[Result "0-1"]
[WhiteElo "2313"]
[BlackElo "2496"]
[PlyCount "114"]
[EventDate "2017.01.24"]
[EventType "swiss"]
[EventRounds "10"]
[EventCountry "ENG"]
[SourceTitle "Ajedrez en Madrid"]
[Source "lmi"]
[SourceDate "2017.01.24"]

1. d4 Nf6 2. c4 e6 3. Nf3 b6 4. Nc3 Bb7 5. Bg5 Be7 6. e3 O-O 7. Be2 d5 8. cxd5
exd5 9. O-O c6 10. Rc1 Na6 11. Ne5 Nc7 12. Re1 Ne6 13. Bh4 Rc8 14. a3 Re8 15.
Bg3 c5 16. Ng4 cxd4 17. exd4 Ne4 18. Bb5 Rf8 19. Nxe4 Rxc1 20. Qxc1 dxe4 21. d5
Qxd5 22. Bc4 Qf5 23. Ne3 Qg6 24. Bxe6 Qxe6 25. Qc7 Bc8 26. Qxa7 f5 27. Qc7 Bf6
28. h4 Bxb2 29. Rb1 Bd4 30. Bd6 Re8 31. Bf4 Ba6 32. Rd1 Bd3 33. Rc1 Bc5 34. a4
Ra8 35. a5 Rxa5 36. Qd8+ Kf7 37. Qc7+ Qe7 38. Qc8 Qf8 39. Qxf5+ Kg8 40. Qe6+
Kh8 41. g3 Qg8 42. Qg4 Ra7 43. h5 h6 44. Bd6 Bxd6 45. Rc8 Bf8 46. Qf4 Rf7 47.
Qb8 Rf3 48. Ng4 e3 49. Nxe3 Qf7 50. Ng4 Kh7 51. Ne5 Rxg3+ 52. fxg3 Qf1+ 53. Kh2
Qf2+ 54. Kh3 Bf5+ 55. Ng4 Qf1+ 56. Kh2 Qe2+ 57. Kh1 Be4+ 0-1

[Event "Gibraltar Chess Festival 2017 - Masters"]
[Site "Gibraltar ENG"]
[Date "2017.01.29"]
[Round "6.56"]
[White "Bellahcene, Bilel"]
[Black "Bergstrom, Rolf"]
[Result "1/2-1/2"]
[WhiteElo "2493"]
[BlackElo "2268"]
[PlyCount "128"]
[EventDate "2017.01.24"]
[EventType "swiss"]
[EventRounds "10"]
[EventCountry "ENG"]
[SourceTitle "Ajedrez en Madrid"]
[Source "lmi"]
[SourceDate "2017.01.24"]

1. d4 Nf6 2. c4 e6 3. Nf3 Bb4+ 4. Nbd2 b6 5. a3 Bxd2+ 6. Qxd2 Bb7 7. g3 O-O 8.
Bg2 Be4 9. O-O c6 10. b3 d6 11. Bb2 Nbd7 12. Rfd1 Qe7 13. Rac1 h6 14. Qe1 Rac8
15. Bf1 Bh7 16. Nd2 d5 17. Bg2 Rfe8 18. e3 b5 19. Bc3 Qxa3 20. Ra1 Qd6 21. Rxa7
bxc4 22. bxc4 Ra8 23. Rda1 Rxa7 24. Rxa7 Bd3 25. c5 Qb8 26. Qa1 Kh7 27. h3 g5
28. Qa5 Kg6 29. Qa3 h5 30. Ba1 Bf5 31. Ra6 Rc8 32. Ra4 g4 33. h4 Ne4 34. Nb3
Nxg3 35. fxg3 Qxg3 36. Nd2 Rb8 37. Nf1 Qxh4 38. Rb4 Rxb4 39. Qxb4 Nf6 40. Bc3
Qg5 41. Bd2 Be4 42. Ng3 Bxg2 43. Kxg2 Qh4 44. Qb1+ Kg7 45. Qh1 Qg5 46. Bc1 Qg6
47. e4 dxe4 48. Qh4 e3 49. Bxe3 Qc2+ 50. Kg1 Qb1+ 51. Nf1 Qf5 52. Qe1 Kg6 53.
Bc1 Ne4 54. Qe3 Kf6 55. Qh6+ Ke7 56. Bf4 Nc3 57. Bg5+ Kd7 58. Qf6 Qxf6 59. Bxf6
Ne4 60. Be5 h4 61. Ne3 f6 62. Bb8 e5 63. dxe5 fxe5 64. Nxg4 Nxc5 1/2-1/2

[Event "Gibraltar Chess Festival 2017 - Masters"]
[Site "Gibraltar ENG"]
[Date "2017.01.29"]
[Round "6.57"]
[White "Riff, Jean-Noel"]
[Black "Kantane, Anna"]
[Result "1-0"]
[WhiteElo "2468"]
[BlackElo "2259"]
[PlyCount "71"]
[EventDate "2017.01.24"]
[EventType "swiss"]
[EventRounds "10"]
[EventCountry "ENG"]
[SourceTitle "Ajedrez en Madrid"]
[Source "lmi"]
[SourceDate "2017.01.24"]

1. e4 e5 2. Nf3 Nc6 3. Bb5 a6 4. Ba4 Nf6 5. O-O Be7 6. Re1 b5 7. Bb3 d6 8. c3
O-O 9. h3 Na5 10. Bc2 c5 11. d4 Qc7 12. Nbd2 cxd4 13. cxd4 Nc6 14. Nb3 a5 15.
Be3 a4 16. Nbd2 Bd7 17. Rc1 Qb7 18. Nf1 Rfe8 19. Ng3 Bd8 20. Qe2 Nb4 21. Bb1
Qa6 22. dxe5 dxe5 23. a3 Nc6 24. Bd3 Na5 25. Rc5 Nc4 26. Bxc4 bxc4 27. Nxe5 Bb5
28. Ng4 Rb8 29. Bd4 c3 30. Qf3 cxb2 31. Bxb2 Bc4 32. Bxf6 Bxf6 33. Nxf6+ gxf6
34. Nh5 Rb6 35. Qg3+ Kf8 36. Rc7 1-0

[Event "Gibraltar Chess Festival 2017 - Masters"]
[Site "Gibraltar ENG"]
[Date "2017.01.29"]
[Round "6.58"]
[White "Buchenau, Frank"]
[Black "Zatonskih, Anna"]
[Result "0-1"]
[WhiteElo "2274"]
[BlackElo "2443"]
[PlyCount "66"]
[EventDate "2017.01.24"]
[EventType "swiss"]
[EventRounds "10"]
[EventCountry "ENG"]
[SourceTitle "Ajedrez en Madrid"]
[Source "lmi"]
[SourceDate "2017.01.24"]

1. e4 e6 2. d4 d5 3. Nc3 Nf6 4. Bg5 Bb4 5. e5 h6 6. Bc1 Nfd7 7. Qg4 Bf8 8. f4
c5 9. Nb5 g6 10. c3 a6 11. Na3 cxd4 12. cxd4 Qa5+ 13. Bd2 Qa4 14. Nf3 Nc6 15.
Bc3 Bb4 16. Kd2 Bxc3+ 17. Kxc3 Qb4+ 18. Kc2 Nxd4+ 19. Nxd4 Qxd4 20. Rd1 Qa4+
21. Kc1 Nxe5 22. Qg3 Nc6 23. Bd3 Bd7 24. f5 gxf5 25. Bxf5 exf5 26. Rhe1+ Be6
27. Rxd5 Ne7 28. Qe5 Ng6 29. Qe3 O-O 30. Rc5 Rac8 31. Kb1 Rxc5 32. Qxc5 Rd8 33.
b3 Qd4 0-1

[Event "Gibraltar Chess Festival 2017 - Masters"]
[Site "Gibraltar ENG"]
[Date "2017.01.29"]
[Round "6.59"]
[White "Sanchez Jerez, Emilio Miguel"]
[Black "Sarkar, Justin"]
[Result "0-1"]
[WhiteElo "2257"]
[BlackElo "2428"]
[PlyCount "54"]
[EventDate "2017.01.24"]
[EventType "swiss"]
[EventRounds "10"]
[EventCountry "ENG"]
[SourceTitle "Ajedrez en Madrid"]
[Source "lmi"]
[SourceDate "2017.01.24"]

1. e4 c5 2. c3 Nf6 3. e5 Nd5 4. d4 cxd4 5. Nf3 Nc6 6. cxd4 d6 7. Bc4 Nb6 8. Bb5
Bd7 9. Nc3 dxe5 10. dxe5 a6 11. Bd3 Bg4 12. Bf4 Nd5 13. Bg3 Nxc3 14. bxc3 e6
15. Rb1 Qd7 16. O-O O-O-O 17. Qa4 Bxf3 18. Bxa6 Nb8 19. Bb5 Bc6 20. c4 Qc7 21.
Qa7 Be4 22. Rb3 Bc5 23. Qa8 Rd4 24. a4 b6 25. Ba6+ Kd7 26. Bb5+ Ke7 27. Bh4+
Kf8 0-1

[Event "Gibraltar Chess Festival 2017 - Masters"]
[Site "Gibraltar ENG"]
[Date "2017.01.29"]
[Round "6.60"]
[White "Shvayger, Yuliya"]
[Black "Plotkin, Victor"]
[Result "1-0"]
[WhiteElo "2413"]
[BlackElo "2253"]
[PlyCount "57"]
[EventDate "2017.01.24"]
[EventType "swiss"]
[EventRounds "10"]
[EventCountry "ENG"]
[SourceTitle "Ajedrez en Madrid"]
[Source "lmi"]
[SourceDate "2017.01.24"]

1. e4 e5 2. Nf3 Nf6 3. d4 exd4 4. e5 Ne4 5. Qxd4 d5 6. exd6 Nxd6 7. Nc3 Nc6 8.
Qf4 g6 9. Be3 Bg7 10. O-O-O O-O 11. h4 h5 12. Bb5 Bd7 13. Bc5 Bxc3 14. bxc3
Nxb5 15. Qh6 Nxc3 16. Ng5 Qxg5+ 17. Qxg5 Ne4 18. Qe3 Nxc5 19. Qxc5 Be6 20. a3
a5 21. Rhe1 a4 22. Rxe6 fxe6 23. Qg5 Kg7 24. Rd7+ Rf7 25. Rxf7+ Kxf7 26. Qf4+
Kg8 27. Qf6 Kh7 28. Qf7+ Kh6 29. Qf4+ 1-0

[Event "Gibraltar Chess Festival 2017 - Masters"]
[Site "Gibraltar ENG"]
[Date "2017.01.29"]
[Round "6.61"]
[White "Pustovoitova, Daria"]
[Black "Gluckman, David"]
[Result "1/2-1/2"]
[WhiteElo "2407"]
[BlackElo "2215"]
[PlyCount "57"]
[EventDate "2017.01.24"]
[EventType "swiss"]
[EventRounds "10"]
[EventCountry "ENG"]
[SourceTitle "Ajedrez en Madrid"]
[Source "lmi"]
[SourceDate "2017.01.24"]

1. Nf3 Nf6 2. c4 g6 3. Nc3 d5 4. cxd5 Nxd5 5. e4 Nxc3 6. dxc3 Qxd1+ 7. Kxd1 Bg4
8. Be2 Nd7 9. h3 Bxf3 10. Bxf3 e5 11. Be2 Bc5 12. f3 a5 13. Kc2 Ke7 14. b3 f6
15. a3 Rhd8 16. Rf1 Nf8 17. g3 g5 18. f4 gxf4 19. gxf4 Ng6 20. f5 Nf4 21. Bc4
Ng2 22. Rh1 Ne3+ 23. Bxe3 Bxe3 24. Rh2 Rd6 25. Rg2 Rad8 26. Rg7+ Kf8 27. Rg8+
Ke7 28. Rg7+ Kf8 29. Rg8+ 1/2-1/2

[Event "Gibraltar Chess Festival 2017 - Masters"]
[Site "Gibraltar ENG"]
[Date "2017.01.29"]
[Round "6.62"]
[White "De Francesco, Klaus"]
[Black "Vega Gutierrez, Sabrina"]
[Result "0-1"]
[WhiteElo "2252"]
[BlackElo "2406"]
[PlyCount "60"]
[EventDate "2017.01.24"]
[EventType "swiss"]
[EventRounds "10"]
[EventCountry "ENG"]
[SourceTitle "Ajedrez en Madrid"]
[Source "lmi"]
[SourceDate "2017.01.24"]

1. d4 d5 2. c4 e6 3. Nf3 c6 4. e3 Bd6 5. b3 f5 6. Bd3 Nf6 7. O-O Qe7 8. Qe2 O-O
9. Bb2 b6 10. Ne5 Bb7 11. Nd2 Ne4 12. f3 Nxd2 13. Qxd2 c5 14. Qe2 Nc6 15. Nxc6
Bxc6 16. f4 Rad8 17. Rad1 cxd4 18. exd4 Rf6 19. Rf2 Rg6 20. Qe3 Qb7 21. Bf1
dxc4 22. bxc4 b5 23. d5 exd5 24. cxd5 Bxd5 25. Rfd2 Bb4 26. Rxd5 Rxd5 27. Qe8+
Bf8 28. Ba3 Rxg2+ 29. Kh1 Rd8 30. Qe6+ Kh8 0-1